000 01029nam a2200241Ia 4500
999 _c56229
_d56229
001 23330
003 GE_BSU
005 20251211203309.0
008 181216s1997||||ge |||||||||||||| ||geo||
040 _cGE_BSU
041 _ageo
080 _a94(479.222.5)+39(=353.1) ლ-81
100 _aლომსაძე, შოთა
_926463
245 _aმესხები : ახალციხური ქრონიკები. II /
_cშოთა ლომსაძე ; რედ. ზურაბ კიკნაძე
264 _aთბილისი :
_bმოლოდინი,
_c1997.
300 _a496 გვ. ;
_c20 სმ.
500 _aპირთა საძიებ. გვ. 485-494
541 _h10 ლ.
653 _aმესხები : ახალციხური ქრონიკები. II
653 _aმესხეთ-ჯავახეთის ისტორია
700 _aკიკნაძე, ზურაბ
_eრედაქტორი
_926464
942 _cBK
_2udc